000 00595nam a2200193 i 4500
001 50519
003 ES-MaACL
005 20230906162209.0
007 t|
008 030805s1954 sp ||||1| spa d
100 1 _aCumellas Marcet, Pedro.
_942157
245 1 0 _aMecanografía /
_cPedro Cumellas Marcet.
250 _a2ª ed.
260 _aLérida :
_bAcademia de Enseñanza Comercial,
_c[1954] (
_fImp. Coca)
300 _a103 p. :
_bil. ;
_c28 cm.
594 _aPrecede al tít.: Apuntes didácticos de comercio.
650 4 _aMecanografía.
_9152009
852 _aES-MaACL
_jC-8321
_bR.36583
999 _c50519
_d50519